Biggest Countries In Asia - Statistics

General Stats
  • This quiz has been taken 27 times
  • The average score is 13 of 15
Answer Stats
Starts With.. Answer % Correct
C China
100%
I India
100%
R Russia
100%
K Kazakhstan
92%
P Pakistan
92%
Y Yemen
92%
I Iran
88%
S Saudi Arabia
88%
T Thailand
88%
T Turkey
88%
I Indonesia
84%
M Mongolia
84%
T Turkmenistan
84%
A Afghanistan
76%
M Myanmar
72%
No matching quizzes found
Score Distribution
Percent of People with Each Score
Percentile by Number Answered
Your Score History
You have not taken this quiz